| Tag |
First Indicator |
Second Indicator |
Subfields |
| LEADER |
00000cam a2200000Ia 4500 |
| 001 |
in00002784110 |
| 005 |
20151202171648.0 |
| 008 |
110315s2012 maua j 000 0 eng |
| 010 |
|
|
|a 2011009640
|
| 019 |
|
|
|a 781994176
|
| 020 |
|
|
|a 9780547182216
|
| 020 |
|
|
|a 054718221X
|
| 029 |
1 |
|
|a AU@
|b 000046822699
|
| 035 |
|
|
|a (OCoLC)ocn694830019
|
| 035 |
|
|
|a (OCoLC)694830019
|
| 037 |
|
|
|b Houghton Mifflin Harcourt, 6277 Sea Harbor Dr 5th Fl, Orlando, FL, USA, 32887
|n SAN 215-3793
|
| 040 |
|
|
|a DLC
|b eng
|c DLC
|d BTCTA
|d OCLCO
|d BDX
|d EHH
|d E7B
|d CKE
|d IEP
|d YDXCP
|d GO9
|d MNW
|d GZI
|d UtOrBLW
|
| 049 |
|
|
|a TXAM
|
| 050 |
0 |
0 |
|a PS3561.A775
|b P74 2012
|
| 082 |
0 |
0 |
|a 811/.54
|2 23
|
| 100 |
1 |
|
|a Katz, Susan,
|d 1945-
|
| 245 |
1 |
4 |
|a The president's stuck in the bathtub :
|b poems about the presidents /
|c by Susan Katz ; illustrated by Robert Neubecker.
|
| 264 |
|
1 |
|a Boston :
|b Clarion Books,
|c 2012.
|
| 300 |
|
|
|a 64 pages :
|b color illustrations ;
|c 29 cm.
|
| 336 |
|
|
|a text
|b txt
|2 rdacontent
|
| 337 |
|
|
|a unmediated
|b n
|2 rdamedia
|
| 338 |
|
|
|a volume
|b nc
|2 rdacarrier
|
| 520 |
|
|
|a A poetic celebration of lesser-known presidential events and eccentricities.
|
| 505 |
0 |
|
|a Where didn't George Washington sleep? : George Washington, 1789-97 -- His majesty, the President : John Adams, 1797-1801 -- Decisions, decisions : Thomas Jefferson, 1801-9 - A Presidential morsel : James Madison, 1809-17 -- A White House visit : James Monroe, 1817-25 -- The naked truth : John Quincy Adams, 1825-29 -- Spelling be : Andrew Jackson, 1829-37 -- The President's O.K. : Martin Van Buren, 1837-41 -- The long and the short of it : William Henry Harrison, 1841 -- A party for the president : John Tyler, 1841-45 -- How the west was won : James K. Polk, 1845-49 -- Overdue mail : Zachary Taylor, 1849-50 -- Forgotten : Millard Fillmore, 1850-53 -- O Christmas tree! : Franklin Pierce, 1853-57 -- Funny-looking : James Buchanan, 1857-61 -- Hatbox : Abraham Lincoln, 1861-65 -- The President's bargain : Andrew Johnson, 1865-69 -- Out hunting : Ulysses S. Grant, 1869-77 -- The President's on the phone : Rutherford B. Hayes, 1877-81 -- Captain Garfield : James A. Garfield, 1881 -- "Hail to the Chief" : Chester A. Arthur, 1881-85 -- Double take : Grover Cleveland, 1885-89, 1893-97 -- The President sees the light : Benjamin Harrison, 1889-93 -- Yankee Doodle Dandy : William McKinley, 1897-1901 -- The White House gang : Theodore Roosevelt, 1901-9 -- The President's stuck in the bathtub : William Howard Taft, 1909-13 -- Baaad sheep : Woodrow Wilson, 1913-21 -- Would you repeat that? : Warren G. Harding, 1921-23 -- A penny for your thoughts : Calvin Coolidge, 1923-29 -- Lost in translation : Herbert Hoover, 1929-33 -- A dog's life : Franklin D. Roosevelt, 1933-45 -- A haunting story : Harry S. Truman, 1945-53 -- Liking Ike : Dwight D. Eisenhower, 1953-61 -- Elevator operator : John F. Kennedy, 1961-63 -- LBJ : Lyndon B. Johnson, 1963-69 -- A Presidential memo : Richard M. Nixon, 1969-74 -- President What's-His-Name : Gerald R. Ford, 1974-77 -- President attacked by rabbit : Jimmy Carter, 1977-81 -- Madame Mitterrand wouldn't move : Ronald Reagan, 1981-89 -- Vegetating : George H. W. Bush, 1989-93 -- Comeback kid : Bill Clinton, 1993-2001 -- Language terriers : George W. Bush, 2001-9 -- Yo mama : Barack Obama, 2009- -- Presidential notes and quotes.
|
| 650 |
|
0 |
|a Presidents
|z United States
|v Juvenile poetry.
|
| 650 |
|
0 |
|a Children's poetry, American.
|
| 650 |
|
1 |
|a Presidents
|v Poetry.
|
| 650 |
|
1 |
|a American poetry.
|
| 650 |
|
7 |
|a Presidents
|z United States
|v Poetry.
|2 sears
|
| 650 |
|
7 |
|a Children's poetry.
|2 sears
|
| 700 |
1 |
|
|a Neubecker, Robert,
|e illustrator.
|
| 938 |
|
|
|a Baker and Taylor
|b BTCP
|n BK0009492318
|
| 938 |
|
|
|a Brodart
|b BROD
|n 12872210
|c $17.99
|
| 938 |
|
|
|a YBP Library Services
|b YANK
|n 8622795
|
| 947 |
|
|
|a A14836010543
|
| 945 |
|
|
|a PromptCat
|b 115968
|
| 946 |
|
|
|a curr
|
| 994 |
|
|
|a 92
|b TXA
|
| 948 |
|
|
|a Cataloged
|b h
|c 2012/12/5
|d c
|e EGrant
|
| 999 |
|
|
|a MARS
|
| 999 |
f |
f |
|s 0ae355ac-0b19-367f-8d8d-32ac33e16b35
|i 6834f311-747d-3ae9-8a41-ffad05db85d4
|t 0
|
| 952 |
f |
f |
|p normal
|a Texas A&M University
|b College Station
|c Sterling C. Evans Library
|d Evans: Curriculum Collection (4th floor)
|t 0
|e PS3561.A775 P74 2012
|h Library of Congress classification
|i unmediated -- volume
|m A14836010543
|
| 998 |
f |
f |
|a PS3561.A775 P74 2012
|t 0
|l Evans: Curriculum Collection (4th floor)
|